000 00258nam a2200085Ia 4500
245 0 _aMagic modelling : Thomasina Smith's mesmerisingly
100 _a SMITH, Thomasina London, [c.2003]
_980234
942 _cBK
008 210817s9999 xx 000 0 und d
999 _c281404
_d281403